​overwhelmed - Royal & the Serpent - All Lyrics - Statistics

General Stats
  • This quiz has been taken 14 times
  • The average score is 196 of 275
Answer Stats
Answer % Correct
I
100%
Oh,
100%
over
100%
overwhelmed
100%
so
100%
easily
89%
get
89%
like
89%
my
89%
My
89%
the
89%
The
89%
What
89%
what
89%
Who
89%
who
89%
be
78%
I'm
78%
it
78%
it,
78%
it's
78%
me
78%
me,
78%
me?
78%
of
78%
somebody
78%
to
78%
when
78%
all
67%
All
67%
am
67%
And
67%
anxiety
67%
are
67%
come
67%
else
67%
feeling?
67%
fine,
67%
hard
67%
inside
67%
is
67%
makes
67%
much
67%
off
67%
Out
67%
too
67%
What's
67%
at
56%
breathe
56%
but
56%
creeps
56%
don't
56%
Feels
56%
judge?
56%
keeps
56%
Keeps
56%
look
56%
not
56%
should
56%
starting
56%
This
56%
try
56%
TV,
56%
Can't
44%
can't
44%
freak
44%
isn't
44%
loud,
44%
mind
44%
mine
44%
say
44%
silent
44%
speak
44%
these
44%
Turn
44%
bleeding
33%
ears
33%
know
33%
light
33%
bright,
22%
ceiling
22%
down,
22%
gets
22%
overheating
22%
'cause
11%
crowds
11%
exits
11%
eyeing
11%
faces
11%
listen
11%
Nobody
11%
overstimulated
11%
sensitive
11%
shut
11%
space
11%
No matching quizzes found
Score Distribution
Percent of People with Each Score
Percentile by Number Answered
Your Score History
You have not taken this quiz